000
00240nam a2200097Ia 4500
001
711495
005
20250826162809.0
008
250824s9999 xx 000 0 und d
245
0
_a
ŞAİRLER ŞEHRİ
_c
BUKET UZUNER
260
_b
EVEREST YAYINLARI
999
_c
711495
_d
711495